000 00622nam a2200229Ia 4500
003 OSt
005 20220923213509.0
006 a|||||r|||| 00| 0
007 ta
008 220922b |||||||| |||| 00| 0 hin d
024 _a162,419
037 _cTextual
040 _aARTS
_cARTS
_bhin
041 _2hin
_ahin
082 _aO152:3M80:62, J4;J8
100 _aप्रेमचंद
_9156277
245 0 _aप्रेम-द्वादशी
246 _aPrema-dvādashī
260 _c1954
942 _hO152:3M80:62, J4;J8
_cTEXL
_2CC
999 _c316899
_d316899